<?xml version="1.0" encoding="UTF-8"?>
<record
    xmlns:xsi="http://www.w3.org/2001/XMLSchema-instance"
    xsi:schemaLocation="http://www.loc.gov/MARC21/slim http://www.loc.gov/standards/marcxml/schema/MARC21slim.xsd"
    xmlns="http://www.loc.gov/MARC21/slim">

  <leader>02460nam a2200313   4500</leader>
  <controlfield tag="001">444</controlfield>
  <controlfield tag="003">OSt</controlfield>
  <controlfield tag="005">20250701085449.0</controlfield>
  <controlfield tag="008">250701b        |||||||g |||| 00| j eng d</controlfield>
  <datafield tag="020" ind1=" " ind2=" ">
    <subfield code="a">9788516045395</subfield>
  </datafield>
  <datafield tag="040" ind1=" " ind2=" ">
    <subfield code="b">por</subfield>
  </datafield>
  <datafield tag="041" ind1=" " ind2=" ">
    <subfield code="a">por</subfield>
  </datafield>
  <datafield tag="082" ind1=" " ind2=" ">
    <subfield code="a">028.5</subfield>
    <subfield code="b">B214d</subfield>
  </datafield>
  <datafield tag="100" ind1="1" ind2=" ">
    <subfield code="a">Bandeira, Pedro</subfield>
    <subfield code="d">1942-</subfield>
    <subfield code="9">977</subfield>
  </datafield>
  <datafield tag="245" ind1=" " ind2=" ">
    <subfield code="a">A droga da obedi&#xEA;ncia :</subfield>
    <subfield code="b">Mais uma aventura com os Karas! /</subfield>
    <subfield code="c">Bandeira, Pedro ; Ilustra&#xE7;&#xF5;es de Hector Gomes</subfield>
  </datafield>
  <datafield tag="250" ind1=" " ind2=" ">
    <subfield code="a">4 ed.</subfield>
  </datafield>
  <datafield tag="260" ind1=" " ind2=" ">
    <subfield code="a">S&#xE3;o Paulo</subfield>
    <subfield code="b">Moderna</subfield>
    <subfield code="c">2013</subfield>
  </datafield>
  <datafield tag="300" ind1=" " ind2=" ">
    <subfield code="a">194  p.</subfield>
    <subfield code="b">il.</subfield>
  </datafield>
  <datafield tag="520" ind1=" " ind2=" ">
    <subfield code="a">Ainda que tenha raiz biogr&#xE1;fica, uma obra liter&#xE1;ria de qualidade ultrapassa sempre os limites do indiv&#xED;duo que a criou e vai aninhar-se em uma dimens&#xE3;o mais ampla. &#xC9; esta articula&#xE7;&#xE3;o entre o individual e o coletivo, entre o pessoal e o social que Pedro Barbosa assinala, em comovente testemunho, ao referir-se ao primeiro t&#xED;tulo da s&#xE9;rie - A Droga da Obedi&#xEA;ncia - como "uma met&#xE1;fora que protestava contra a ditadura militar na qual eu vivi toda a minha vida de jovem adulto. O golpe militar ocorreu quando eu acabara de fazer 22 anos e s&#xF3; iria terminar em 1985, depois que eu tivesse feito 43."

Como o depoimento acima manifesta, o autor sabe apontar, com grande precis&#xE3;o, poss&#xED;veis articula&#xE7;&#xF5;es de sua obra com o momento pol&#xED;tico que o Brasil viveu nos anos que antecederam a publica&#xE7;&#xE3;o do livro (1984).

O rep&#xFA;dio &#xE0; censura, o horror a qualquer tipo de viol&#xEA;ncia, a lembran&#xE7;a das pessoas presas e desaparecidas tiveram, sem d&#xFA;vida, parte grande na mat&#xE9;ria que fecunda o misterioso momento da cria&#xE7;&#xE3;o das hist&#xF3;rias dos Karas. Talvez se deva a esta s&#xE1;bia mistura entre o individual e o coletivo, que h&#xE1; mais de vinte anos a turma dos Karas - Miguel, Calu, Cr&#xE2;nio, Magr&#xED; e Chumbinho - alimente o desejo de aventura, o entusiasmo pela vida e a cren&#xE7;a nos jovens que s&#xE3;o a marca de bons livros infantis e juvenis.

A express&#xE3;o que define a turma - o avesso dos coroas, o contr&#xE1;rio dos caretas - tem apelo forte para um p&#xFA;blico jovem ao frisar o car&#xE1;ter contestador e ousado dos her&#xF3;is das hist&#xF3;rias, exemplares do contagioso protagonismo da juventude.</subfield>
  </datafield>
  <datafield tag="650" ind1=" " ind2="0">
    <subfield code="a">Literatura Brasileira</subfield>
    <subfield code="9">205</subfield>
  </datafield>
  <datafield tag="650" ind1=" " ind2="0">
    <subfield code="a">Infantojuvenil</subfield>
    <subfield code="9">200</subfield>
  </datafield>
  <datafield tag="650" ind1=" " ind2="0">
    <subfield code="a">Aventura</subfield>
    <subfield code="9">47</subfield>
  </datafield>
  <datafield tag="650" ind1=" " ind2="0">
    <subfield code="a">Crime e Investiga&#xE7;&#xE3;o </subfield>
    <subfield code="9">13</subfield>
  </datafield>
  <datafield tag="655" ind1=" " ind2="0">
    <subfield code="a">Romance</subfield>
    <subfield code="9">23</subfield>
  </datafield>
  <datafield tag="655" ind1=" " ind2="0">
    <subfield code="a">Fic&#xE7;&#xE3;o </subfield>
    <subfield code="9">22</subfield>
  </datafield>
  <datafield tag="700" ind1=" " ind2=" ">
    <subfield code="a">Hector Gomes</subfield>
    <subfield code="e">ILUSTRADOR</subfield>
    <subfield code="9">978</subfield>
  </datafield>
  <datafield tag="830" ind1=" " ind2=" ">
    <subfield code="a">Os Karas</subfield>
    <subfield code="9">979</subfield>
    <subfield code="v">vol. 01</subfield>
  </datafield>
  <datafield tag="942" ind1=" " ind2=" ">
    <subfield code="2">ddc</subfield>
    <subfield code="n">0</subfield>
    <subfield code="c">BK</subfield>
  </datafield>
  <datafield tag="952" ind1=" " ind2=" ">
    <subfield code="0">0</subfield>
    <subfield code="1">0</subfield>
    <subfield code="2">ddc</subfield>
    <subfield code="3">vol. 1</subfield>
    <subfield code="4">0</subfield>
    <subfield code="7">0</subfield>
    <subfield code="8">FIC</subfield>
    <subfield code="a">BIBIB</subfield>
    <subfield code="b">BIBIB</subfield>
    <subfield code="c">IJ</subfield>
    <subfield code="d">2025-07-01</subfield>
    <subfield code="e">doa&#xE7;&#xE3;o</subfield>
    <subfield code="l">0</subfield>
    <subfield code="o">IJ 028.5 / B214d</subfield>
    <subfield code="p">2025-17375</subfield>
    <subfield code="r">2025-07-01 08:45:58</subfield>
    <subfield code="w">2025-07-01</subfield>
    <subfield code="y">BK</subfield>
  </datafield>
  <datafield tag="999" ind1=" " ind2=" ">
    <subfield code="c">444</subfield>
    <subfield code="d">444</subfield>
  </datafield>
</record>
